[Event "NAYCC U16"]
[Site "Windsor CAN"]
[Date "2016.08.11"]
[Round "9.46"]
[White "Thomson, Aaron"]
[Black "D'Amore, Tyler"]
[Result "1/2-1/2"]
[WhiteElo "1659"]
[BlackElo "1808"]
[PlyCount "72"]
[EventDate "2016.08.07"]
[EventType "swiss"]
[EventRounds "9"]
[EventCountry "CAN"]

1. e4 e5 2. Nf3 Nc6 3. Bc4 Bc5 4. c3 Nf6 5. d4 exd4 6. cxd4 Bb4+ 7. Bd2 Bxd2+
8. Nbxd2 d5 9. exd5 Nxd5 10. Qb3 Nce7 11. O-O O-O 12. Rfe1 Nb6 13. Rac1 Nxc4
14. Qxc4 c6 15. Re2 Nd5 16. Rce1 Be6 17. Qa4 Nf6 18. Ng5 Bg4 19. f3 b5 20. Qb4
Nd5 21. Qc5 Qxg5 22. fxg4 Qxg4 23. Qxc6 Qxd4+ 24. Kh1 Nf4 25. Nf3 Qb6 26. Qxb6
axb6 27. Re4 Nd3 28. R1e3 Nxb2 29. Rb3 Nc4 30. Re2 Ra5 31. h3 g6 32. Nd4 Rfa8
33. Nxb5 Rxa2 34. Re7 Rd8 35. Rf3 f5 36. Rc3 Rb2 1/2-1/2

[Event "NAYCC U16"]
[Site "Windsor CAN"]
[Date "2016.08.11"]
[Round "9.47"]
[White "Aldrich, Michael"]
[Black "Zhang, Jeff"]
[Result "1/2-1/2"]
[WhiteElo "1279"]
[BlackElo "1907"]
[PlyCount "60"]
[EventDate "2016.08.07"]
[EventType "swiss"]
[EventRounds "9"]
[EventCountry "CAN"]

1. e4 c5 2. c3 Nf6 3. e5 Nd5 4. d4 cxd4 5. cxd4 Nc6 6. Nf3 e6 7. Bd3 d6 8. exd6
Bxd6 9. O-O Nf4 10. Nc3 O-O 11. Bxf4 Bxf4 12. Be4 Bd7 13. g3 Bh6 14. Qd3 g6 15.
Rad1 Bg7 16. Rfe1 Qc7 17. d5 Nb4 18. Qd2 exd5 19. Nxd5 Nxd5 20. Bxd5 Bg4 21.
Rc1 Qb6 22. Ng5 Rad8 23. Nxf7 Rxd5 24. Qxd5 Rxf7 25. Rc2 Bd4 26. Re7 Bxf2+ 27.
Kf1 Bh3+ 28. Ke2 Bg4+ 29. Kf1 Bh3+ 30. Ke2 Bg4+ 1/2-1/2

[Event "NAYCC U16-U18 w"]
[Site "Windsor CAN"]
[Date "2016.08.07"]
[Round "1.18"]
[White "Nguyen, Emily"]
[Black "Dasari, Samhitha"]
[Result "1-0"]
[WhiteElo "2067"]
[BlackElo "1714"]
[PlyCount "111"]
[EventDate "2016.08.07"]
[EventType "swiss"]
[EventRounds "9"]
[EventCountry "CAN"]

1. d4 Nf6 2. Bg5 g6 3. Bxf6 exf6 4. e3 Bg7 5. g3 O-O 6. Bg2 d5 7. Ne2 c6 8. O-O
Nd7 9. Nd2 f5 10. c4 Nf6 11. Nf4 Be6 12. Rc1 Qd7 13. a4 Ne4 14. c5 b6 15. Nd3
Rab8 16. cxb6 axb6 17. b4 Qd6 18. Nb3 Rfc8 19. Rc2 Rc7 20. Qc1 Rbc8 21. a5 Rb7
22. f3 h5 23. b5 bxa5 24. fxe4 dxe4 25. Ndc5 Rxb5 26. Nxe6 Rxb3 27. Nxg7 Kxg7
28. Rc5 a4 29. d5 Rb6 30. Ra5 a3 31. dxc6 Qxc6 32. Qxc6 Rcxc6 33. Rxa3 Rb2 34.
Rf2 Rcc2 35. Rxc2 Rxc2 36. h4 Rd2 37. Bf1 Rd7 38. Kf2 f6 39. Ra5 Kf7 40. Bc4+
Ke7 41. Ke2 Rc7 42. Bb3 Rb7 43. Bc2 Rc7 44. Kd2 Rd7+ 45. Kc3 Rc7+ 46. Kb3 Rb7+
47. Kc4 Rc7+ 48. Rc5 Rd7 49. Kc3 Kd6 50. Ra5 Rc7+ 51. Kd2 Ke7 52. Bb3 Rd7+ 53.
Rd5 Rxd5+ 54. Bxd5 g5 55. Kc3 Kd6 56. Kd4 1-0

[Event "NAYCC U16-U18 w"]
[Site "Windsor CAN"]
[Date "2016.08.07"]
[Round "1.19"]
[White "Qiao, Cindy"]
[Black "Ding, Kimberly"]
[Result "1-0"]
[WhiteElo "1699"]
[BlackElo "1966"]
[PlyCount "121"]
[EventDate "2016.08.07"]
[EventType "swiss"]
[EventRounds "9"]
[EventCountry "CAN"]

1. e4 e6 2. d4 d5 3. Nc3 Nf6 4. Bg5 Be7 5. e5 Nfd7 6. Bxe7 Qxe7 7. f4 a6 8. a3
c5 9. dxc5 Qxc5 10. Qd2 Nc6 11. Nf3 b5 12. Ne2 f6 13. Ned4 Nxd4 14. Nxd4 Qe7
15. exf6 Qxf6 16. Be2 O-O 17. O-O Nc5 18. c3 Qh6 19. Qe3 Ne4 20. Bd3 Nf6 21.
Be2 Bd7 22. Rae1 Rae8 23. Bd3 Ng4 24. Qg3 Nf6 25. Qe3 Nh5 26. g3 Nf6 27. Qf3 e5
28. fxe5 Ne4 29. Bxe4 Rxf3 30. Bxd5+ Be6 31. Bxe6+ Rxe6 32. Rxf3 Re8 33. e6 g6
34. Rfe3 Qg5 35. e7 Qc5 36. Kg2 Qd5+ 37. Nf3 Kf7 38. Re5 Qc6 39. Kf2 Qf6 40.
R1e3 h6 41. Ke2 Qc6 42. Kf2 Qf6 43. Kg1 Qb6 44. Nd4 Qa7 45. Re6 Qc5 46. Nc6 Qd5
47. Nd4 Qc5 48. R6e5 Qd6 49. R5e4 Qc5 50. Kf1 Qc4+ 51. Re2 Qc5 52. Ne6 Qxe7 53.
Nd8+ Qxd8 54. Rxe8 Qd3 55. R8e3 Qb1+ 56. Kg2 h5 57. Rf2+ Kg7 58. Re7+ Kh6 59.
h4 a5 60. Rff7 Qxb2+ 61. Kh3 1-0

[Event "NAYCC U16-U18 w"]
[Site "Windsor CAN"]
[Date "2016.08.07"]
[Round "1.20"]
[White "Liu, Joanna"]
[Black "Luo, Maggie"]
[Result "1/2-1/2"]
[WhiteElo "1956"]
[BlackElo "1672"]
[PlyCount "99"]
[EventDate "2016.08.07"]
[EventType "swiss"]
[EventRounds "9"]
[EventCountry "CAN"]

1. d4 d5 2. c4 e6 3. Nc3 Nf6 4. cxd5 exd5 5. Bg5 Be7 6. e3 h6 7. Bh4 O-O 8. Bd3
c6 9. Qc2 Nbd7 10. Nf3 Re8 11. O-O Ne4 12. Bxe7 Qxe7 13. Rab1 Ndf6 14. Ne5 Ng4
15. Nxg4 Bxg4 16. b4 a6 17. a4 Nxc3 18. Qxc3 Rec8 19. Qc5 Qg5 20. Kh1 Bf5 21.
Bxf5 Qxf5 22. Qb6 Qd7 23. Rfc1 Qc7 24. Qc5 b6 25. Qc3 Qd6 26. h3 Ra7 27. Qd3
Rca8 28. Rb2 Rb7 29. Qc3 Rc8 30. Qd3 Ra8 31. Rbc2 Rc7 32. Qb3 Rb8 33. Rc3 Kf8
34. Qb1 g6 35. Kg1 Kg7 36. Qb2 h5 37. Rb3 Ra8 38. a5 Rb7 39. axb6 Rxb6 40. Rc5
Rb5 41. Qc3 Rxc5 42. bxc5 Qd7 43. Qa5 Qc8 44. Rb6 Ra7 45. Rb4 Kf6 46. Qb6 Ra8
47. Qa5 Ra7 48. Qb6 Ra8 49. Qa5 Ra7 50. Qb6 1/2-1/2

[Event "NAYCC U16-U18 w"]
[Site "Windsor CAN"]
[Date "2016.08.07"]
[Round "1.21"]
[White "Vittal, Sanjana"]
[Black "Ouellet, Maili-Jade"]
[Result "0-1"]
[WhiteElo "1643"]
[BlackElo "1906"]
[PlyCount "48"]
[EventDate "2016.08.07"]
[EventType "swiss"]
[EventRounds "9"]
[EventCountry "CAN"]

1. e4 c5 2. Nc3 e6 3. Nf3 d6 4. d4 cxd4 5. Nxd4 a6 6. Bd3 Nf6 7. f4 Nbd7 8. Qf3
Be7 9. O-O h5 10. Kh1 Qc7 11. Bd2 b6 12. Rae1 Bb7 13. Qe2 Ng4 14. h3 Bh4 15.
Rd1 Bf6 16. Nb3 Nc5 17. hxg4 hxg4+ 18. Kg1 Nxb3 19. axb3 Qc5+ 20. Be3 Qh5 21.
Kf2 Bh4+ 22. Kg1 Bg3 23. Bb5+ Kf8 24. Rf3 Qh1# 0-1

[Event "NAYCC U16-U18 w"]
[Site "Windsor CAN"]
[Date "2016.08.07"]
[Round "1.22"]
[White "Liu, Miranda"]
[Black "Kaneshalingam, Mathanhe"]
[Result "1-0"]
[WhiteElo "1902"]
[BlackElo "1631"]
[PlyCount "65"]
[EventDate "2016.08.07"]
[EventType "swiss"]
[EventRounds "9"]
[EventCountry "CAN"]

1. e4 c5 2. Nf3 Nc6 3. d4 cxd4 4. Nxd4 g6 5. c4 Bg7 6. Be3 Nf6 7. Nc3 Ng4 8.
Qxg4 Nxd4 9. Qd1 Ne6 10. Be2 Qa5 11. Rc1 d6 12. Qd2 Bd7 13. O-O Bc6 14. f3 Be5
15. Rb1 Qd8 16. Nd5 Nc7 17. f4 Bg7 18. Bd4 Bxd4+ 19. Qxd4 Rg8 20. Kh1 Ne6 21.
Qe3 b6 22. f5 gxf5 23. exf5 Bxd5 24. cxd5 Nc7 25. Bf3 Qd7 26. Rbe1 Kd8 27. Qf4
Rc8 28. Rc1 Nb5 29. f6 e5 30. dxe6 Qxe6 31. a4 Nc7 32. Rfe1 Qd7 33. Bc6 1-0

[Event "NAYCC U16-U18 w"]
[Site "Windsor CAN"]
[Date "2016.08.07"]
[Round "1.23"]
[White "Tao, Rachel"]
[Black "Wang, Constance"]
[Result "1/2-1/2"]
[WhiteElo "1628"]
[BlackElo "1886"]
[PlyCount "63"]
[EventDate "2016.08.07"]
[EventType "swiss"]
[EventRounds "9"]
[EventCountry "CAN"]

1. e4 c5 2. Nf3 d6 3. c4 e5 4. Nc3 g6 5. d3 Bg7 6. Be2 Ne7 7. O-O O-O 8. Bg5 f6
9. Be3 Nbc6 10. Qd2 Nd4 11. Rab1 f5 12. Bg5 Be6 13. Bxe7 Qxe7 14. Nxd4 exd4 15.
Nd5 Bxd5 16. exd5 Be5 17. Rbe1 Rae8 18. f4 Bf6 19. Bf3 Qd7 20. Re6 Kg7 21. Rfe1
Re7 22. Rxe7+ Bxe7 23. Re6 Re8 24. Qe2 Kf7 25. g4 Rg8 26. Kh1 Bh4 27. g5 Re8
28. Kg2 h6 29. Rxe8 Qxe8 30. Qxe8+ Kxe8 31. gxh6 Kf7 32. Kf1 1/2-1/2

[Event "NAYCC U16-U18 w"]
[Site "Windsor CAN"]
[Date "2016.08.07"]
[Round "1.24"]
[White "Demchenko, Svitlana"]
[Black "Baker, Victoria"]
[Result "1-0"]
[WhiteElo "1828"]
[BlackElo "1516"]
[PlyCount "85"]
[EventDate "2016.08.07"]
[EventType "swiss"]
[EventRounds "9"]
[EventCountry "CAN"]

1. d4 d5 2. Nf3 Nf6 3. Bf4 Bf5 4. e3 c6 5. c4 a6 6. Qb3 b5 7. c5 Nbd7 8. Nc3 e6
9. Be2 g6 10. Ne5 Nxe5 11. Bxe5 Bg7 12. g4 Be4 13. f3 O-O 14. fxe4 dxe4 15. g5
Nd7 16. Bxg7 Kxg7 17. Nxe4 e5 18. O-O-O Re8 19. Nd6 Re6 20. Bg4 Re7 21. Rhf1
Qg8 22. Bxd7 Rxd7 23. Rf6 Raa7 24. dxe5 Re7 25. Rdf1 a5 26. Qc3 a4 27. e6 Kf8
28. Rxf7+ Rxf7 29. Rxf7+ Rxf7 30. exf7 Qxf7 31. Nxf7 Kxf7 32. Qf6+ Ke8 33.
Qxc6+ Ke7 34. Qd6+ Kf7 35. Qf6+ Ke8 36. c6 h6 37. c7 Kd7 38. Qd8+ Ke6 39. c8=R
hxg5 40. Rc5 g4 41. Qb6+ Kd7 42. Rc7+ Kd8 43. Qb8# 1-0

[Event "NAYCC U16-U18 w"]
[Site "Windsor CAN"]
[Date "2016.08.07"]
[Round "1.25"]
[White "Cui, Cynthia"]
[Black "Trakru, Priya"]
[Result "1/2-1/2"]
[WhiteElo "1508"]
[BlackElo "1816"]
[PlyCount "79"]
[EventDate "2016.08.07"]
[EventType "swiss"]
[EventRounds "9"]
[EventCountry "CAN"]

1. c4 c6 2. Nf3 d5 3. Qc2 Nf6 4. g3 e6 5. Bg2 Bd6 6. O-O O-O 7. d4 b6 8. Nbd2
Bb7 9. a3 a5 10. Rb1 Qe7 11. e4 dxe4 12. Nxe4 Nxe4 13. Qxe4 c5 14. Qd3 h6 15.
Be3 Na6 16. Rfe1 cxd4 17. Bxd4 Nc5 18. Qc3 f6 19. b4 axb4 20. axb4 Na6 21. Qe3
e5 22. Bxb6 Bxb4 23. Red1 Rac8 24. Qb3 Bc5 25. Bxc5 Nxc5 26. Qb4 Be4 27. Ra1
Rb8 28. Qe1 Bc2 29. Rd2 Bd3 30. Nh4 g5 31. Bd5+ Kg7 32. Rxd3 gxh4 33. Re3 Nb3
34. Rb1 Nd4 35. gxh4 Nf5 36. Reb3 Rxb3 37. Rxb3 Kh8 38. Rb7 Qa3 39. Qe4 Qc1+
40. Kg2 1/2-1/2

[Event "NAYCC U16-U18 w"]
[Site "Windsor CAN"]
[Date "2016.08.07"]
[Round "1.26"]
[White "Matus, Nastassja"]
[Black "Bhanji, Zaynah"]
[Result "1-0"]
[WhiteElo "1806"]
[BlackElo "1489"]
[PlyCount "109"]
[EventDate "2016.08.07"]
[EventType "swiss"]
[EventRounds "9"]
[EventCountry "CAN"]

1. d4 Nf6 2. c4 e6 3. g3 c5 4. d5 exd5 5. cxd5 d6 6. Nc3 Bf5 7. Bg2 Bg6 8. Nf3
Na6 9. O-O Be7 10. Nh4 O-O 11. Nxg6 hxg6 12. e4 Qd7 13. Qe2 Rfe8 14. h3 Nc7 15.
a4 Bd8 16. Qd3 Be7 17. f4 a6 18. a5 Nb5 19. e5 dxe5 20. fxe5 Nh7 21. Qc4 Rf8
22. Na4 Bd8 23. Nxc5 Qc8 24. d6 Rb8 25. d7 Qc7 26. Bd5 Kh8 27. Bxf7 Be7 28. Nd3
Qxd7 29. e6 Qd4+ 30. Qxd4 Nxd4 31. Ne5 Nf6 32. Nxg6+ Kh7 33. Nxe7 Rfd8 34. Kh1
Nxe6 35. Bxe6 Re8 36. Bf5+ Kh8 37. Ng6+ Kg8 38. Bf4 Rbd8 39. Rae1 Rxe1 40. Rxe1
Nd5 41. Rd1 Kf7 42. Ne5+ Ke7 43. Bg5+ Nf6 44. Rxd8 Kxd8 45. Nd7 Ke7 46. Nc5 Kd6
47. Nxb7+ Ke5 48. Bxf6+ gxf6 49. Bd3 f5 50. Bxa6 f4 51. gxf4+ Kxf4 52. Bb5 Kg3
53. a6 Kxh3 54. a7 Kg3 55. a8=Q 1-0

[Event "NAYCC U16-U18 w"]
[Site "Windsor CAN"]
[Date "2016.08.07"]
[Round "1.27"]
[White "Laurrabaquio Ramirez, Itzel At"]
[Black "Samadashvili, Martha"]
[Result "0-1"]
[WhiteElo "1470"]
[BlackElo "1791"]
[PlyCount "62"]
[EventDate "2016.08.07"]
[EventType "swiss"]
[EventRounds "9"]
[EventCountry "CAN"]

1. c4 e5 2. Nc3 Nc6 3. g3 g6 4. Bg2 Bg7 5. Nf3 d6 6. O-O Nge7 7. d3 O-O 8. Bd2
h6 9. Rb1 Be6 10. b4 Qd7 11. Re1 f5 12. b5 Nd8 13. Qc1 Kh7 14. e3 c6 15. a4 Rc8
16. Rd1 d5 17. bxc6 Rxc6 18. cxd5 Nxd5 19. Qa3 Nf7 20. Nxd5 Bxd5 21. Rb5 e4 22.
Nd4 Rcc8 23. dxe4 Bxe4 24. Bxe4 fxe4 25. Qa2 a6 26. Qd5 Qg4 27. f3 exf3 28.
Rxb7 f2+ 29. Kg2 Qxd1 30. Rxf7 Rxf7 31. Qxf7 Rf8 0-1

[Event "NAYCC U16-U18 w"]
[Site "Windsor CAN"]
[Date "2016.08.07"]
[Round "1.28"]
[White "Davis, Katherine"]
[Black "Gillan, Rahma"]
[Result "1-0"]
[WhiteElo "1780"]
[BlackElo "1416"]
[PlyCount "149"]
[EventDate "2016.08.07"]
[EventType "swiss"]
[EventRounds "9"]
[EventCountry "CAN"]

1. e4 e5 2. Nf3 Nc6 3. Bb5 d6 4. c3 Nf6 5. d3 a6 6. Ba4 Be7 7. O-O O-O 8. Re1
Bg4 9. Nbd2 b5 10. Bc2 Qd7 11. Nf1 d5 12. Qe2 d4 13. Ng3 Rfd8 14. h3 Be6 15.
Ng5 a5 16. f4 exf4 17. Bxf4 a4 18. a3 h6 19. Nxe6 fxe6 20. Kh1 Rf8 21. Rf1 Rf7
22. Bd2 Raf8 23. e5 Nxe5 24. Qxe5 Bd6 25. Qxd4 Bxg3 26. Qxd7 Nxd7 27. Rxf7 Rxf7
28. Be3 Kf8 29. Kg1 Ke7 30. c4 c6 31. b3 axb3 32. Bxb3 Kd6 33. Bd1 Ne5 34. Be2
bxc4 35. dxc4 g5 36. a4 Bf4 37. Bd4 Rf8 38. a5 Nd7 39. a6 e5 40. Bf2 Ra8 41.
Bg4 Nb8 42. g3 Rxa6 43. Rd1+ Kc7 44. gxf4 gxf4 45. Re1 Ra5 46. c5 Nd7 47. Bxd7
Kxd7 48. Rxe5 Ra1+ 49. Kg2 Ra3 50. Rf5 Ra4 51. Kf3 Ra3+ 52. Kg4 f3 53. Rxf3
Ra4+ 54. Kh5 Re4 55. Kxh6 Re6+ 56. Kg7 Re4 57. h4 Rg4+ 58. Kf6 Rg8 59. Kf7 Rh8
60. Kg7 Rh5 61. Kg6 Re5 62. h5 Re6+ 63. Rf6 Re4 64. h6 Rg4+ 65. Kf7 Re4 66. h7
Re7+ 67. Kg6 Re8 68. Kg7 Re7+ 69. Rf7 Rxf7+ 70. Kxf7 Kd8 71. h8=Q+ Kd7 72. Qe8+
Kc7 73. Bg3+ Kb7 74. Qb8+ Ka6 75. Qb6# 1-0

[Event "NAYCC U16-U18 w"]
[Site "Windsor CAN"]
[Date "2016.08.08"]
[Round "2.18"]
[White "Matus, Nastassja"]
[Black "Nguyen, Emily"]
[Result "1/2-1/2"]
[WhiteElo "1806"]
[BlackElo "2067"]
[PlyCount "104"]
[EventDate "2016.08.07"]
[EventType "swiss"]
[EventRounds "9"]
[EventCountry "CAN"]

1. d4 d5 2. c4 c6 3. Nf3 Nf6 4. Qb3 dxc4 5. Qxc4 Bf5 6. g3 e6 7. Bg2 Nbd7 8.
O-O Be7 9. Nc3 O-O 10. Re1 Nb6 11. Qb3 Ne4 12. e3 Bf6 13. Nd2 Nxd2 14. Bxd2 e5
15. e4 exd4 16. exf5 dxc3 17. Bxc3 Bxc3 18. Qxc3 Qg5 19. Qe5 Rad8 20. Rad1 Nc4
21. Qc3 Nd6 22. f6 Qxf6 23. Qxf6 gxf6 24. Re7 Kg7 25. Bh3 f5 26. Re2 Nb5 27.
Red2 Rxd2 28. Rxd2 Kf6 29. Rd7 Rb8 30. a4 Ke6 31. Bxf5+ Kxf5 32. axb5 Ke6 33.
bxc6 bxc6 34. Rxa7 Rxb2 35. Kf1 Rd2 36. Rc7 Rd6 37. Ke2 h5 38. Ke3 Kf6 39. f4
Kg6 40. Ke4 Re6+ 41. Kd4 f6 42. h3 Rd6+ 43. Ke4 Re6+ 44. Kd4 Kf5 45. Rh7 Kg6
46. Ra7 Re1 47. Ra6 Rc1 48. g4 h4 49. Ra5 Rh1 50. Ra3 Rg1 51. Rc3 Rd1+ 52. Ke4
Rd6 1/2-1/2

[Event "NAYCC U16-U18 w"]
[Site "Windsor CAN"]
[Date "2016.08.08"]
[Round "2.19"]
[White "Ouellet, Maili-Jade"]
[Black "Davis, Katherine"]
[Result "1-0"]
[WhiteElo "1906"]
[BlackElo "1780"]
[PlyCount "67"]
[EventDate "2016.08.07"]
[EventType "swiss"]
[EventRounds "9"]
[EventCountry "CAN"]

1. d4 d5 2. c4 c6 3. Nf3 Nf6 4. Nc3 e6 5. Bg5 Be7 6. e3 Nbd7 7. Bd3 O-O 8. O-O
h6 9. Bh4 dxc4 10. Bxc4 b5 11. Bd3 Bb7 12. a3 a6 13. b4 Re8 14. Qb3 Qc7 15.
Rac1 Rac8 16. Rfd1 Bd6 17. Rd2 Qb8 18. Rcd1 Ng4 19. h3 Ngf6 20. Ne2 Nd5 21. e4
Nf4 22. e5 Nxe2+ 23. Rxe2 Bc7 24. Bb1 Nf8 25. Nd2 Qa8 26. f4 a5 27. Qg3 Bd8 28.
Bf6 Bxf6 29. exf6 g6 30. Qh4 h5 31. Re5 Nd7 32. Rxh5 Nxf6 33. Rh8+ Kg7 34. Qh6#
1-0

[Event "NAYCC U16-U18 w"]
[Site "Windsor CAN"]
[Date "2016.08.08"]
[Round "2.20"]
[White "Samadashvili, Martha"]
[Black "Liu, Miranda"]
[Result "1-0"]
[WhiteElo "1791"]
[BlackElo "1902"]
[PlyCount "90"]
[EventDate "2016.08.07"]
[EventType "swiss"]
[EventRounds "9"]
[EventCountry "CAN"]

1. e4 c5 2. Nf3 d6 3. d4 cxd4 4. Nxd4 Nf6 5. Nc3 a6 6. Be3 e5 7. Nb3 Be6 8. Qd2
Be7 9. f3 O-O 10. O-O-O Nbd7 11. Kb1 b5 12. Qf2 Rb8 13. g4 b4 14. Nd5 Bxd5 15.
exd5 a5 16. Bc4 a4 17. Nd2 Nb6 18. Bxb6 Rxb6 19. b3 axb3 20. cxb3 Rb8 21. Ne4
Qa5 22. Nxf6+ Bxf6 23. h4 Rfc8 24. Qc2 Qc5 25. Qe4 Ra8 26. g5 Bd8 27. Bd3 g6
28. Rh2 Bb6 29. h5 Qd4 30. hxg6 fxg6 31. Rdh1 Qxe4 32. Bxe4 Ra7 33. Bxg6 Rcc7
34. Bf5 Rg7 35. Rh6 Bc5 36. R1h5 Rac7 37. Rf6 Rge7 38. Be6+ Kg7 39. Rfh6 Kh8
40. Rf6 Kg7 41. Bf5 Kg8 42. Rhh6 Re8 43. g6 Be3 44. Rxh7 Bg5 45. Rxc7 Bxf6 1-0

[Event "NAYCC U16-U18 w"]
[Site "Windsor CAN"]
[Date "2016.08.08"]
[Round "2.21"]
[White "Eirew, Pepi"]
[Black "Demchenko, Svitlana"]
[Result "0-1"]
[WhiteElo "1074"]
[BlackElo "1828"]
[PlyCount "138"]
[EventDate "2016.08.07"]
[EventType "swiss"]
[EventRounds "9"]
[EventCountry "CAN"]

1. d4 d5 2. Nf3 Nf6 3. Bf4 e6 4. e3 c5 5. c3 Nc6 6. Bb5 Qb6 7. Qa4 Bd7 8. Nbd2
a6 9. Bxc6 Bxc6 10. Qc2 Be7 11. O-O O-O 12. Be5 Rac8 13. Ng5 g6 14. a3 Nd7 15.
Ngf3 Nxe5 16. Nxe5 cxd4 17. exd4 Bb5 18. Qb3 Qc7 19. Rfe1 Bf6 20. Ndf3 Bg7 21.
a4 Bc6 22. Qa3 b5 23. axb5 Bxb5 24. Ng5 h6 25. Ngxf7 Rxf7 26. Nxf7 Qxf7 27. Qd6
Re8 28. Re3 Qe7 29. Qxe7 Rxe7 30. Rae1 Kf7 31. Rf3+ Bf6 32. h4 h5 33. g3 Bc4
34. Rfe3 Re8 35. Kh2 Bg7 36. Rf3+ Ke7 37. Rfe3 Kd6 38. b4 Bh6 39. f4 Bb5 40.
Kg2 Bd7 41. Ra1 Ra8 42. Kf2 Kc6 43. Rae1 Re8 44. Ra1 Kb6 45. Re2 Bf8 46. Rea2
Bb5 47. Kg2 Rc8 48. Re1 Rxc3 49. Rxe6+ Rc6 50. Rxc6+ Kxc6 51. Rb2 Bd3 52. Kf3
Be4+ 53. Ke3 Kb5 54. Kf2 Bxb4 55. Kg1 a5 56. Kh2 Kc4 57. Kh3 Kxd4 58. g4 Kc3
59. Rf2 d4 60. gxh5 Bf5+ 61. Kg3 gxh5 62. Re2 d3 63. Re3 Kd4 64. Re5 d2 65.
Rxf5 d1=Q 66. Rg5 Be1+ 67. Kh2 Qd2+ 68. Rg2 Qxf4+ 69. Kh3 Qxh4# 0-1

[Event "NAYCC U16-U18 w"]
[Site "Windsor CAN"]
[Date "2016.08.08"]
[Round "2.22"]
[White "Wang, Constance"]
[Black "Qiao, Cindy"]
[Result "1/2-1/2"]
[WhiteElo "1886"]
[BlackElo "1699"]
[PlyCount "144"]
[EventDate "2016.08.07"]
[EventType "swiss"]
[EventRounds "9"]
[EventCountry "CAN"]

1. e4 c5 2. Nf3 d6 3. d4 cxd4 4. Nxd4 Nf6 5. Nc3 g6 6. Be3 Bg7 7. Be2 Nc6 8.
Qd2 O-O 9. O-O-O d5 10. Nxc6 bxc6 11. exd5 Nxd5 12. Nxd5 cxd5 13. Qxd5 Qc7 14.
Qxa8 Bf5 15. Qxf8+ Kxf8 16. Rd2 Be6 17. Rhd1 f5 18. Kb1 Qb7 19. b3 a5 20. Bf3
Qc7 21. h3 a4 22. Bd4 a3 23. Bxg7+ Kxg7 24. c4 Qb8 25. Kc2 h5 26. Re2 Qb6 27.
Bd5 Bxd5 28. Rxd5 Qf6 29. Rde5 e6 30. Rxe6 Qb2+ 31. Kd3 Qb1+ 32. Kd4 Qd1+ 33.
Kc5 Qd8 34. Kb4 Qa8 35. f3 Kh6 36. c5 Qd5 37. c6 Qd4+ 38. Kb5 Qd5+ 39. Kb6 Qd4+
40. Kb7 Qb4+ 41. Kc8 Qf8+ 42. Re8 Qc5 43. c7 f4 44. Kd7 Qd5+ 45. Ke7 Qc5+ 46.
Kd7 Qd5+ 47. Ke7 Qc5+ 48. Kf6 Qf5+ 49. Ke7 Qc5+ 50. Kf7 Qxc7+ 51. Kf6 Qd6+ 52.
R8e6 Qd4+ 53. Ke7 Qc5+ 54. Kd7 Qd5+ 55. Kc7 Qc5+ 56. Rc6 Qa7+ 57. Kd6 Qb8+ 58.
Kc5 Qf8+ 59. Kc4 Qf5 60. Kc3 Qa5+ 61. b4 Qd5 62. Rce6 Qd1 63. R6e4 Qc1+ 64. Kb3
Kg5 65. b5 Kh6 66. Re5 Qd1+ 67. Kxa3 Qd3+ 68. Kb2 Qd4+ 69. Kb3 Qd3+ 70. Kb2
Qd4+ 71. Kc2 Qc4+ 72. Kd1 Qd4+ 1/2-1/2

[Event "NAYCC U16-U18 w"]
[Site "Windsor CAN"]
[Date "2016.08.08"]
[Round "2.23"]
[White "Trakru, Priya"]
[Black "Liu, Joanna"]
[Result "1/2-1/2"]
[WhiteElo "1816"]
[BlackElo "1956"]
[PlyCount "58"]
[EventDate "2016.08.07"]
[EventType "swiss"]
[EventRounds "9"]
[EventCountry "CAN"]

1. e4 c5 2. c3 d6 3. d4 Nf6 4. Bd3 Nc6 5. Nf3 e5 6. d5 Ne7 7. Nfd2 Ng6 8. g3
Be7 9. Bb5+ Nd7 10. a4 O-O 11. O-O Nf6 12. Qf3 Bg4 13. Qe3 Qc8 14. f3 Bh3 15.
Rf2 h6 16. Be2 Nh7 17. Na3 Ng5 18. f4 Nh7 19. f5 Nh8 20. g4 Ng5 21. Ndc4 f6 22.
Nb5 Nhf7 23. Qd3 Qd8 24. Nba3 a6 25. a5 Rb8 26. Nc2 Qd7 27. Nb6 Qd8 28. Nc4 Qd7
29. Nb6 Qd8 1/2-1/2

[Event "NAYCC U16-U18 w"]
[Site "Windsor CAN"]
[Date "2016.08.08"]
[Round "2.24"]
[White "Luo, Maggie"]
[Black "Tao, Rachel"]
[Result "0-1"]
[WhiteElo "1672"]
[BlackElo "1628"]
[PlyCount "104"]
[EventDate "2016.08.07"]
[EventType "swiss"]
[EventRounds "9"]
[EventCountry "CAN"]

1. e4 c5 2. d3 Nc6 3. g3 Nf6 4. Bg2 e6 5. f4 d6 6. Nf3 Be7 7. O-O O-O 8. Qe2 a6
9. Be3 Qc7 10. Bf2 b5 11. Nbd2 Bb7 12. Rfc1 Rfe8 13. h3 d5 14. e5 Nd7 15. d4 c4
16. g4 b4 17. c3 a5 18. b3 Ba6 19. bxc4 dxc4 20. Qe4 Rec8 21. f5 bxc3 22. Rxc3
Bb4 23. Rc2 Bxd2 24. Nxd2 Nb4 25. Rc3 Nd5 26. Rc2 N7b6 27. a3 a4 28. Rac1 Rab8
29. Nb1 Qe7 30. Bf1 Rc7 31. Bg3 Rbc8 32. Qe1 Bb7 33. Bh4 Qd7 34. Bg3 Ne7 35. f6
Ng6 36. Qf2 Be4 37. Re2 Bd3 38. Rd2 Bxf1 39. Kxf1 c3 40. Rdc2 Qb5+ 41. Qe2 Qb3
42. fxg7 Nd5 43. Qf2 Qc4+ 44. Kg1 Qd3 45. Re1 Rc4 46. Rf1 Qxd4 47. Qxd4 Rxd4
48. Rfc1 Rdc4 49. Be1 Nxe5 50. Bxc3 Nd3 51. Rd1 Nxc3 52. Nxc3 Rxc3 0-1

[Event "NAYCC U16-U18 w"]
[Site "Windsor CAN"]
[Date "2016.08.08"]
[Round "2.25"]
[White "Ding, Kimberly"]
[Black "Cui, Cynthia"]
[Result "1-0"]
[WhiteElo "1966"]
[BlackElo "1508"]
[PlyCount "141"]
[EventDate "2016.08.07"]
[EventType "swiss"]
[EventRounds "9"]
[EventCountry "CAN"]

1. e4 d5 2. exd5 Qxd5 3. Nc3 Qd6 4. d4 Nf6 5. Nb5 Qb6 6. c4 c6 7. Nc3 Qc7 8.
Bd3 g6 9. Nge2 Bg7 10. Bf4 Qa5 11. O-O O-O 12. Qd2 Be6 13. Bh6 Nh5 14. Bxg7
Nxg7 15. Rfd1 Bf5 16. Ng3 Bxd3 17. Qxd3 Nd7 18. Qe3 Rfe8 19. d5 cxd5 20. Nxd5
Qd8 21. Ne4 Nf5 22. Qf4 Kg7 23. Nc7 e5 24. Nxe8+ Qxe8 25. Qd2 Nf8 26. Nd6 Qe6
27. Nxf5+ Qxf5 28. Re1 Qe6 29. Qd5 Rb8 30. Qxe6 Nxe6 31. Rxe5 Rc8 32. b3 Rd8
33. Rd5 Rc8 34. Rd7 Nc5 35. Rd5 Ne6 36. f3 Rc7 37. Rc1 Nf4 38. Rd2 b5 39. g3
Ne6 40. Rcc2 bxc4 41. Rxc4 Rb7 42. b4 Ng5 43. Kf2 Re7 44. h4 Ne6 45. a4 Rb7 46.
b5 h5 47. Rc6 Kf8 48. Rd5 Ke7 49. Ke3 Nd8 50. Rc4 Ne6 51. f4 Ng7 52. Re5+ Kf6
53. Rc6+ Ne6 54. Ke4 Kg7 55. f5 gxf5+ 56. Rxf5 Re7 57. Re5 Kg6 58. Kd5 Rd7+ 59.
Rd6 Rc7 60. Rexe6+ fxe6+ 61. Kxe6 Rb7 62. Ke5+ Kg7 63. Kd5 Rc7 64. Rc6 Rf7 65.
Rc3 Kg6 66. a5 Rf5+ 67. Kc6 Rf6+ 68. Kb7 Rf5 69. Rb3 Rf7+ 70. Ka6 Re7 71. b6
1-0

[Event "NAYCC U16-U18 w"]
[Site "Windsor CAN"]
[Date "2016.08.08"]
[Round "2.26"]
[White "Dasari, Samhitha"]
[Black "Baker, Victoria"]
[Result "0-1"]
[WhiteElo "1714"]
[BlackElo "1516"]
[PlyCount "135"]
[EventDate "2016.08.07"]
[EventType "swiss"]
[EventRounds "9"]
[EventCountry "CAN"]

1. e4 e5 2. Nf3 Nc6 3. Bb5 a6 4. Ba4 Nf6 5. O-O Bc5 6. Bxc6 dxc6 7. Nxe5 O-O 8.
c3 Nxe4 9. d4 Bd6 10. Nf3 Qf6 11. h3 Qe6 12. Re1 f5 13. Nbd2 Qg6 14. Qc2 Bd7
15. Nxe4 fxe4 16. Qxe4 Bf5 17. Qh4 Be6 18. Ng5 Bd5 19. c4 Bxc4 20. Ne4 Bd5 21.
Bd2 Rae8 22. f3 Bxe4 23. Rxe4 Rxe4 24. Qxe4 Qxe4 25. fxe4 Bg3 26. Be1 Bf4 27.
Bc3 Be3+ 28. Kh1 Re8 29. e5 Kf7 30. Re1 Bg5 31. Re4 Ke6 32. Kg1 Kd5 33. Rg4
Be3+ 34. Kf1 Re7 35. Ke2 Bg1 36. Rf4 c5 37. dxc5 Bxc5 38. Kd3 Bb6 39. Re4 c5
40. Rh4 h6 41. Rf4 Bc7 42. Re4 Bxe5 43. b3 Kd6 44. Bxe5+ Rxe5 45. Rg4 Rg5 46.
Rxg5 hxg5 47. Ke4 Ke6 48. g3 b5 49. a3 a5 50. a4 bxa4 51. bxa4 g6 52. Ke3 Ke5
53. Kd3 Kd5 54. Kc3 c4 55. g4 Kc5 56. Kc2 Kd4 57. Kd2 c3+ 58. Kc2 Kc4 59. Kc1
Kd3 60. Kd1 c2+ 61. Kc1 Kc3 62. h4 gxh4 63. g5 Kd3 64. Kb2 Kd2 65. Kb3 c1=Q 66.
Ka2 Qc4+ 67. Ka3 Qb4+ 68. Ka2 0-1

[Event "NAYCC U16-U18 w"]
[Site "Windsor CAN"]
[Date "2016.08.08"]
[Round "2.27"]
[White "Bhanji, Zaynah"]
[Black "Vittal, Sanjana"]
[Result "1/2-1/2"]
[WhiteElo "1489"]
[BlackElo "1643"]
[PlyCount "33"]
[EventDate "2016.08.07"]
[EventType "swiss"]
[EventRounds "9"]
[EventCountry "CAN"]

1. e4 e5 2. Nf3 Nc6 3. Bb5 Bc5 4. c3 Nf6 5. d3 d6 6. h3 O-O 7. O-O h6 8. Re1
Nd7 9. Nbd2 Qf6 10. Nf1 Ndb8 11. Ng3 g5 12. Qe2 g4 13. hxg4 Bxg4 14. Be3 h5 15.
Bxc5 dxc5 16. Qe3 Ne7 17. Qg5+ 1/2-1/2